GoodFellas Trivia - Statistics

General Stats
  • This quiz has been taken 1,652 times
  • The average score is 9 of 15
Answer Stats
Hint Answer % Correct
Who is Jimmy Conway played by? Robert De Niro
93%
What drug does Henry become addicted to and start dealing? Cocaine
92%
And what religion is she? Jewish
91%
"As far back as I can remember, I always wanted to be a ____"? Gangster
88%
The film is centered around which person? Henry Hill
88%
What is Paul Cicero's nickname? Paulie
76%
What is the name of the violent gangster played by Joe Pesci? Tommy DeVito
70%
The Lufthansa Heist took place at which international airport? John F. Kennedy
69%
What was the name of Henry's wife? Karen Hill (née Friedman)
65%
Who is in the trunk of the car? Billy Batts
49%
And who is he played by? Samuel L. Jackson
40%
What does Henry's mother ask him to bring back? Milk
37%
What is Parnell Edwards' nickname? Stacks
35%
What is the name of the mistress Henry first begins to see? Janice Rossi
28%
"I get to live the rest of my life like a ____"? Schnook
27%
No matching quizzes found
Score Distribution
Percent of People with Each Score
Percentile by Number Answered
Your Score History
You have not taken this quiz